00462 a2200169 450000100060000002000180000604000220002410000210004624000270006724500220009430000070011636200090012365000230013294200070015595201130016299900170027557568 a9788508107070 cAnchieta - Pituba aSabino, Fernando10aOs restos mortaislpor10aOs restos mortais a640 a2008 4aLiteratura juvenil cBK 00104070a91.1b91.1d2023-11-21l0oLJ 028.5 S116r SAB RESp7724/PITr2023-11-21 18:25:17w2023-11-21yBK c57568d57568